000 00550nam a2200181Ia 4500
005 20250326123614.0
008 250326s9999 xx 000 0 und d
037 _aTextbook
040 _aFMSL
_beng
_cFMSL
041 _aeng
_2eng
084 _aB285obSNI L3
_qFMSL
100 _aKerlinger F N
_9735610
245 0 _aMultiple regression in behavioural research
_cKerlinger F N; Pedhazur E J
260 _aNy Holt
_bNy Holt, Rinehart and Winston
_c1973
300 _a534p
942 _cTB
_hB285obSNI L3
999 _c1270128
_d1270128